Score 0/20 Timer 07:00
4 Plays Today
% Correct
Ticket
99.4%
Help
95.3%
Anchor
94.9%
Smoking
94.2%
No
93.9%
Escalator
93.6%
Fence
93%
Paper
92.4%
One
92.1%
Tape
91.9%
% Correct
Public
91.7%
Men
91.6%
Water
90.6%
Mississippi's
90.4%
Fly
90.3%
Morons
90.2%
Railing
89.7%
Business
89.5%
Armed
81.5%
BP
46.3%
Remove Ads.
Support Sporcle.
Get the best of Sporcle when you Go Orange. This ad-free experience offers more features, more stats, and more fun while also helping to support Sporcle. Thank you for becoming a member.

You're not logged in!

Compare scores with friends on all Sporcle quizzes.
OR
Log In

Sporcle TV

Today on Sporcle TV


Watch our educational content, quiz creation guides, and fun videos on Sporcle TV.

Show Comments

Extras

Top Quizzes Today


Score Distribution

Paid Content

Your Account Isn't Verified!

In order to create a playlist on Sporcle, you need to verify the email address you used during registration. Go to your Sporcle Settings to finish the process.

Report this User

Report this user for behavior that violates our Community Guidelines.

Details: